00539nam a2200229Ia 450000500170000000800460001702000180006303700100008104000080009104000080009904000080010704100080011504100080012308400080013110000220013924500500016126000230021126000090023436500050024336500080024885600530025620260324130053.0008 260324s9999 xx 000 0 eng d a9780429502736 aEBOOK aCRL beng cCRL 2eng aeng qCRL aMatthew C. Altman 2aA Companion to Kant's Critique of Pure Reason bTaylor and Francis c2008 a b230 uhttp://www.taylorfrancis.com/books/9780429502736